00800nam a2200193 a 450000100100000000500170001000800410002704000250006808200150009310000280010824501870013626000890032330000270041249000310043950000420047050400300051270000310054283000330057300002927120200930055435.0110414s1981 dr a 000 0 spa d aDO-SdBNPbspacBNPHU axxxbA325i1 aAlbaine Pons, José R.10aIntroducción al estudio del régimen alimenticio del pájaro carpintero (Melanerpes striatus V.) en la República Dominicana /cJosé R Albaine Pons; Gilberto Grullón Peña. aSan Pedro de Macorís :bUniversidad Central del Este (UCE),c1981.fEditora Taller a19 p. :bil. ;c21 cm.1 aCuadernos de la UCEvno. 5 aIncluye notas al pie de las páginas aBibliografía : p. 18-191 aGrullón Peña, Gilberto 0aCuadernos de la UCE ;vno. 5